Správa o menovom vývoji v Slovenskej republike za 1. polrok 1993

Menový vývoj v SR v 1. polroku 1993. Bankový sektor. Menová politika. Výsledky spolupráce s medzinárodnými bankovými a finančnými organizáciami.

Gespeichert in:
Bibliographische Detailangaben
Format: Buchkapitel
Sprache:Slowakisch
Schlagworte:
Tags: Tag hinzufügen
Keine Tags, Fügen Sie das erste Tag hinzu!

MARC

LEADER 00000naa a2200000 4500
001 r017371
005 20221205075556.6
041 0 |a slo 
044 |a SK 
245 1 0 |a Správa o menovom vývoji v Slovenskej republike za 1. polrok 1993 
520 |a Menový vývoj v SR v 1. polroku 1993. Bankový sektor. Menová politika. Výsledky spolupráce s medzinárodnými bankovými a finančnými organizáciami. 
610 2 0 |a vývoj 
610 2 0 |a mena 
610 2 0 |a Slovensko 
610 2 0 |a 1993 
610 2 0 |a zásoba peňažná 
610 2 0 |a agregáty menové 
610 2 0 |a úver 
610 2 0 |a vklady 
610 2 0 |a bilancia platobná 
610 2 0 |a dlhy štátne 
610 2 0 |a trh kapitálový 
610 2 0 |a trh peňažný 
610 2 0 |a sústava banková 
610 2 0 |a politika menová 
610 2 0 |a program menový 
610 2 0 |a pomoc zahraničná